LDR 00669naa#a2200169#i#450# 001 EN\\bibl\19473 005 20260516081828.6 100 ## _a20260515b2026####ek#y0engy0150####ca 102 ## _aRU 200 1# _aGROWTH CHARACTERISTICS OF PEDUNCULATE OAK MIXED FOREST PLANTATIONS IN BELARUS _eConference article/thesis 210 1# _aVoronezh _cFSBE Institution of Higher Education Voronezh State University of Forestry and Technologies named after G.F. Morozov _d2026 215 ## _a7 с. 608 ## _aConference article/thesis _2local 675 ## _aЛесное хозяйство. Лесоводство. 630 _z 700 #1 _aMarkevich _gT. S. 700 #1 _aPimenova _gZh. Yu. 856 4# _abibl.vgltu.ru _u